000 01504nam a22003857a 4500
003 CHAP
005 20220329140456.0
008 971013s1937 r 00010 d
010 _a52501
011 _a53473
035 _a57623
040 _cCHAP
082 0 4 _a595.7
_bF47
100 0 0 _aFerris, G. F.
_940426
245 1 _aAtlas of the scale insects of North America
260 _aStandford :
_bUniversity Press,
_c(c.1937-
300 _av.
_b: ilus.
505 _aContenido: Serie 1-4 The Diaspididae. -- v.5-6 The psendococcidae. -- v.7 The families aclerdidae,asterolecaricidae conchaspididae, dectylopicidae and lacciferidae
590 _aBATCH-UPD
_b10
_c20130110
_lUCH01
_h0513
590 _aBATCH-UPD
_b10
_c20130110
_lUCH01
_h2326
590 _aBATCH-UPD
_b10
_c20130410
_lUCH01
_h0151
590 _aBATCH-UPD
_b10
_c20130410
_lUCH01
_h1616
590 _aBATCH-UPD
_b10
_c20130914
_lUCH01
_h1357
590 _aCONVERSION
_b10
_c20130109
_lUCH01
_h1328
650 1 4 _aEntomología sistemática.
_937154
650 1 4 _aInsectos
_xAmérica del Norte.
_958890
901 _aBK
942 _cLIBRO
949 _a595.7 F47
_bBC
_cC
_d33724000497137
_eC
_fv.2-3
_h27274
_i57623
_si
949 _a595.7 F47
_bBC
_cC
_d33724000497152
_eC
_fv.5
_i57623
_si
949 _a595.7 F47
_bBC
_cC
_d33724000497160
_eC
_fv.4
_i57623
_si
949 _a595.7 F47
_bBC
_cC
_d33724000497269
_eC
_fv.7
_i57623
_si
949 _a595.7 F47
_bBC
_cC
_d33724000497277
_eC
_fv.6
_i57623
_si
949 _a595.7 F47
_bBC
_cC
_d33724000497285
_eC
_fv.1
_i57623
_si
999 _c52501
_d52501